Modelado a escala reducida de vigas de acople para muros de cortante : investigación sobre una metodología de refuerzo
Đã lưu trong:
| Tác giả chính: | |
|---|---|
| Định dạng: | Sách |
| Được phát hành: |
San José, C.R.
1996
|
| Những chủ đề: | |
| Các nhãn: |
Thêm thẻ
Không có thẻ, Là người đầu tiên thẻ bản ghi này!
|
MARC
| LEADER | 00000nam a2200000Ia 4500 | ||
|---|---|---|---|
| 003 | 008026 | ||
| 005 | 20221231144236.0 | ||
| 008 | 140114s1996 cr a m 000 ||s d | ||
| 040 | |c cru CEDI | ||
| 090 | |a TFG 3527 | ||
| 100 | |a Mata Abdelnour, Erick |9 9784 | ||
| 245 | |a Modelado a escala reducida de vigas de acople para muros de cortante : investigación sobre una metodología de refuerzo | ||
| 260 | |c 1996 |a San José, C.R. | ||
| 300 | |a 62 hojas : ilustraciones (algunas a color) | ||
| 500 | |a Proyecto de graduación (licenciatura en ingeniería civil)--Universidad de Costa Rica. Facultad de Ingeniería. Escuela de Ingeniería Civil | ||
| 650 | |x VIGAS |x MUROS |9 9785 | ||
| 942 | |c TFG | ||
| 999 | |c 18963 |d 18963 | ||
